Statistiken für Top 10 Länder mit den meisten Inseln

Klicken Sie hier um das Quiz zu spielen!

Allgemein

  • Dieses Quiz wurde 461 mal gespielt
  • Das Durchschnittsergebnis liegt bei 8 aus 10

Antwortstatistiken

InselnLand% Korrekt
17.504Indonesien
94%
18.617Vereinigte Staaten
93%
52.455Kanada
92%
239.057Norwegen
85%
6.852Japan
84%
267.570Schweden
81%
7.641Philippinen
80%
178.947Finnland
77%
8.222Australien
73%
5.000Chile
50%

Verteilung der Resultate

Perzentil nach korrekt beantworteten Fragen

Anzahl Personen mit jedem Resultat

Ihre Resultats-Entwicklung

Sie haben dieses Quiz noch nicht gespielt